International Law: The Law of Treaties - Statistics

General Stats
  • This quiz has been taken 48 times
  • The average score is 5 of 15
Answer Stats
Hint Answer % Correct
Definition of a Treaty Article 2 (a)
71%
Termination of a treaty Article 54
43%
Pacta Sunt Servanda and Good Faith Article 26
36%
Definition of an International Organisation Article 2 (i)
36%
Treaties are binding only on States party to it Article 34
36%
Treaties can be binding to third party states if they consent to it Articles 35 and 36
36%
Termination after a breach of the treaty Article 60
29%
Termination after a fundamental change of circumstances Article 62
29%
Interpretation of treaties & role of Custom Articles 31 and 32
29%
Admissibility of a reservation Article 19
21%
Acceptance/Objection to a reservation Article 20
21%
Legal effect of reservations Article 21
21%
Primacy of international law over domestic law Article 27
21%
Definition of a Reservation Article 2 (d)
21%
Revision of treaties Article 39
14%
No matching quizzes found
Score Distribution
Percent of People with Each Score
Percentile by Number Answered
Your Score History
You have not taken this quiz